=LDR 00000nam 2200000 4500 =001 INLIS000000000047200 =005 20150909161715.0 =006 =007 =008 =035 ##$$0010-091500000000030 =082 ##$$a 372.83 =090 ##$$a 372.83 tan i =100 ##$$a tantya hisnu =245 ##$$a ilmu pengetahuan sosial utk sd/mi kls. 4 =260 ##$$a jepe presis media utama =300 ##$$a hln. 222 =850 ##$$a NPBMAT